Journal of Chemical Society of Nigeria (Record no. 38364)

MARC details
000 -LEADER
fixed length control field 00391nam a2200157Ia 4500
022 ## - INTERNATIONAL STANDARD SERIAL NUMBER
ISSN 0795 - 2066
050 ## - CALL MARK
Classification number QD1 .J942/
245 #0 - TITLE STATEMENT
Title Journal of Chemical Society of Nigeria
260 ## - PUBLICATION, DISTRIBUTION, ETC. (IMPRINT)
Place of publication Nigeria
260 ## - PUBLICATION, DISTRIBUTION, ETC. (IMPRINT)
Name of publisher Chemical Society of Nigeria
260 ## - PUBLICATION, DISTRIBUTION, ETC. (IMPRINT)
Year of publication 2010
300 ## - PHYSICAL DESCRIPTION
Number of Pages vii. , : ill. ; 28-30 cm.
650 ## - SUBJECT ADDED ENTRY--TOPICAL TERM
Topical Term Chemistry--Periodicals.
942 ## - ADDED ENTRY ELEMENTS (KOHA)
Koha item type Serials
Source of classification Library of Congress Classification

No items available.